000 00768nam a2200253Ia 4500
003 OSt
005 20221006153407.0
006 a|||||r|||| 00| 0
007 ta
008 221006b |||||||| |||| 00| 0 eng d
020 _a0123068549
_c¥5,950
024 _a32,208
037 _bGift, Japan Foundation
_cTextual
040 _aEASL
_cEASL
_beng
041 _2eng
_aeng
082 _aO42,1x, M9
100 _aCARTER Steven D Tr.
_9647655
245 0 _aWaiting for the wind
_b Thirty-six poets of Japan's late medieval age
260 _aNew York
_bColumbia University Press
_c1989
300 _a353p.
_ccm.
650 _aWaka
_9663688
942 _hO42,1x, M9
_cTEXL
_2CC
999 _c1100294
_d1100294